Fikir-fikirlah : sesal dahulu pendapatan, sesal kemudian tiada guna

Bibliographic Details
Main Author: Dr.Hm Tuah Iskandar al-haj
Format: Book
Published: Shah Alam : Karya Bestari Sdn Bhd , 2008
Subjects:

MARC

LEADER 00000cam a2200000 7i4500
001 0000025406
005 20150201.0
008 090224
020 |a 9678603164 
090 0 0 |a 153.8   |b HMT 
100 1 |a Dr.Hm Tuah Iskandar al-haj 
245 1 0 |a Fikir-fikirlah :   |b sesal dahulu pendapatan, sesal kemudian tiada guna   |c Dr.Hm Tuah Iskandar al-haj 
260 |a Shah Alam :   |b Karya Bestari Sdn Bhd ,   |c 2008 
650 0 |a Achievement motivation 
999 |a 0001039384   |b Book   |c Adult Collection   |e Perbadanan Perpustakaan Awam Johor 
999 |a 0001061175   |b Book   |c Adult Collection   |e Perbadanan Perpustakaan Awam Johor